Zgadnij celebrytę po zdjęciu #9 - Statystyki

Ogólne statystyki
  • Ten quiz został rozwiązany 28 razy
  • Średni wynik to 7 z 16
Statystyki odpowiedzi
Obrazkowy Odpowiedź % Poprawnych
Bruce Lee
78%
Robert De Niro
74%
Al Pacino
70%
Vin Diesel
65%
Arnold Schwarzenegger
61%
Tom Hardy
57%
Marlon Brando
52%
Tom Hiddlestone
39%
Bill Skarsgard
30%
Heyden Christensen
30%
Mads Mikkelsen
30%
Oscar Isaac
30%
Sebastian Stan
30%
Aaron Taylor Johnson
13%
Matthew McCounaghey
13%
Jeffery Dean Morgan
9%
Nie znaleziono quizów pasujących do podanych kryteriów
Rozkład punktacji
Procent ludzi z każdym wynikiem
Percentyl według liczby udzielonych odpowiedzi
Twoja historia wyników
Nie rozwiązałeś tego quizu